Coastal protection (Record no. 62864)
[ view plain ]
| 000 -LEADER | |
|---|---|
| fixed length control field | 00898cam a2200193 4500 |
| 001 - CONTROL NUMBER | |
| control field | X104778 |
| 008 - FIXED-LENGTH DATA ELEMENTS--GENERAL INFORMATION | |
| fixed length control field | 000000n2000 000 0 eng u |
| 035 ## - SYSTEM CONTROL NUMBER | |
| System control number | (Sirsi) u104778 |
| 245 ## - TITLE STATEMENT | |
| Title | Coastal protection |
| 260 ## - PUBLICATION, DISTRIBUTION, ETC. | |
| Date of publication, distribution, etc. | 2000 |
| 490 ## - SERIES STATEMENT | |
| Series statement | Estates Gazette Case Summaries |
| Volume/sequential designation | [2000] EGCS 29(2) |
| 520 ## - SUMMARY, ETC. | |
| Summary, etc. | CA 22 February 2000. "Holbeck Hall Hotel Ltd and another v Scarborough BC". A landslip caused the collapse of a building owned by the claimants, who brought an action for damages against the Council, claiming that as the owners of the cliffs and neighbouring land they owed a duty of care to maintain them. The High Court allowed the claim. "Held" Council's appeal allowed. |
| 650 ## - SUBJECT ADDED ENTRY--TOPICAL TERM | |
| Topical term or geographic name entry element | COASTAL PROTECTION |
| 650 ## - SUBJECT ADDED ENTRY--TOPICAL TERM | |
| Topical term or geographic name entry element | HOLBECK HALL HOTEL LTD AND ANOTHER V SCARBOROUGH BC |
| 650 ## - SUBJECT ADDED ENTRY--TOPICAL TERM | |
| Topical term or geographic name entry element | DUTY OF CARE |
| 650 ## - SUBJECT ADDED ENTRY--TOPICAL TERM | |
| Topical term or geographic name entry element | LANDSLIP |
| 690 ## - LOCAL SUBJECT ADDED ENTRY--TOPICAL TERM (OCLC, RLIN) | |
| Topical term or geographic name as entry element | ENVIRONMENTAL AND LAND CONSULTANCY |
| 942 ## - ADDED ENTRY ELEMENTS (KOHA) | |
| Suppress in OPAC | 0 |
| Withdrawn status | Lost status | Source of classification or shelving scheme | Damaged status | Not for loan | Home library | Current library | Shelving location | Date acquired | Total Checkouts | Full call number | Barcode | Date last seen | Copy number | Price effective from | Koha item type |
|---|---|---|---|---|---|---|---|---|---|---|---|---|---|---|---|
| Dewey Decimal Classification | London | London | News article | 10/03/2000 | X104778 | 104778-1001 | 06/08/2019 | 1 | 06/08/2019 | News article |